[Event "NLD-chT9596"]
[Site "?"]
[Date "1995.??.??"]
[Round "?"]
[White "Peek, Marcel"]
[Black "Van der Linde, Meindert"]
[Result "1-0"]
[WhiteElo "2335"]
[BlackElo "2260"]

1.d4 d5 2.c4 dxc4 3.e4 c5 4.Nf3 cxd4 5.Qxd4 Qxd4 6.Nxd4 a6 7.Bxc4 e6 8.Be3 Nf6
9.f3 Nfd7 10.Kf2 b6 11.Nd2 Bb7 12.Rac1 Bc5 13.N2b3 Bd6 14.Rhd1 Ke7 15.Bg5+ Nf6
16.Be2 h6 17.Be3 Rd8 18.a4 Bxh2 19.a5 Nbd7 20.axb6 Nxb6 21.Na5 Rd7 22.Ndc6+ Ke8
23.Bxb6 Bf4 24.Rxd7 Nxd7 25.Be3 Bxe3+ 26.Kxe3 Bxc6 27.Rxc6 Rb8 28.b3 Ne5
29.Rxa6 g5 30.Ra7 Kf8 31.Rb7 Rc8 32.Nc4 Ng6 33.Rxf7+  1-0

[Event "Novgorod op"]
[Site "Novgorod"]
[Date "1995.??.??"]
[Round "5"]
[White "Tregubov, Pavel V"]
[Black "Yakovich, Yuri"]
[Result "0-1"]
[WhiteElo "2515"]
[BlackElo "2555"]

1.d4 d5 2.c4 dxc4 3.e4 e5 4.Nf3 exd4 5.Bxc4 Nc6 6.O-O Be6 7.Bb5 Bc5 8.Qc2 Bb6
9.a4 a5 10.Bxc6+ bxc6 11.Qxc6+ Bd7 12.Qc4 Be6 13.Qc6+ Bd7 14.Qc4 Be6 15.Qb5+ Qd7
16.Qd3 Ne7 17.Ne5 Qd6 18.Bf4 Qb4 19.Qf3 Ng6 20.Nd3 Qe7 21.Nd2 O-O 22.Rfc1 f5
23.e5 Rad8 24.Qg3 Nxf4 25.Nxf4 d3 26.Rc3 Bd4 27.Rxd3 Bxe5 28.Rxd8 Rxd8 29.Nf3 Qd6  0-1

[Event "Novosibirsk"]
[Site "Novosibirsk"]
[Date "1995.??.??"]
[Round "11"]
[White "Vyzmanavin, Alexey"]
[Black "Rublevsky, Sergei"]
[Result "0-1"]
[WhiteElo "2605"]
[BlackElo "2595"]

1.d4 d5 2.c4 dxc4 3.e4 e5 4.Nf3 exd4 5.Bxc4 Nc6 6.O-O Be6 7.Bb5 Bc5 8.Ng5 Qe7
9.Bxc6+ bxc6 10.Nxe6 Qxe6 11.Nd2 Rd8 12.Qc2 Bb6 13.Qd3 Nf6 14.Nc4 Nd7 15.b4 c5
16.b5 c6 17.bxc6 Qxc6 18.Bg5 f6 19.Bh4 Bc7 20.f4 O-O 21.Rac1 Rde8 22.Nd2 Ba5
23.Nc4 Bc3 24.Be1 Qxe4 25.Qxe4 Rxe4 26.Bxc3 dxc3 27.Rxc3 Rb8 28.g3 Rb4 29.Ne3 Nb6
30.Rf2 c4 31.Rfc2 Kf7 32.Kf2 Rd4 33.Ra3 Rd7 34.Rac3 Rd4 35.Ra3 Rd7 36.Rac3 Rc7
37.Kf3 g6 38.Ke4 f5+ 39.Kf3 Ke6 40.Rd2 Rd7 41.Rdc2 Rc7 42.Rd2 Ra4 43.h3 Rd7
44.Rdc2 Rd4 45.a3 h5 46.Rc1 Re4 47.Rd1 Ra5 48.Rd8 Ke7 49.Rd1 Rb5 50.g4 Ke6
51.gxf5+ gxf5 52.Rd8 Rb3 53.Rxb3 cxb3 54.Rd3 b2 55.Rb3 Ra4 56.Nc2 Nc4 57.Ke2 Ra6
58.Nd4+ Kf6 59.Nb5 Rb6  0-1

[Event "CRO-chT2"]
[Site "Opatija"]
[Date "1995.??.??"]
[Round "?"]
[White "Munjiza, Ivanka"]
[Black "Novak, Danijel"]
[Result "1-0"]
[WhiteElo "2090"]
[BlackElo "2310"]

1.d4 d5 2.c4 dxc4 3.e4 e5 4.d5 a6 5.Bxc4 f5 6.Nf3 Bd6 7.O-O Nf6 8.exf5 Bxf5
9.Re1 Nbd7 10.Nd4 Bg6 11.Nc3 Bf7 12.Ne6 Bxe6 13.dxe6 Nf8 14.Ne4 h6 15.Qb3 b5
16.Nxf6+ Qxf6 17.Bd5 Rb8 18.Re3 Rb6 19.Rf3 Qh4 20.Be3 c5 21.Rc1 c4 22.Rxc4 bxc4
23.Qxb6 Qd8 24.Bc6+ Ke7 25.Rf7+ Kxe6 26.Qxd8 Kxf7 27.Qxd6  1-0

[Event "World op"]
[Site "Philadelphia"]
[Date "1995.??.??"]
[Round "1"]
[White "Epishin, Vladimir"]
[Black "Mayer, Steven F"]
[Result "1-0"]
[WhiteElo "2640"]
[BlackElo "2235"]

1.d4 d5 2.c4 dxc4 3.e4 Nc6 4.Be3 Nf6 5.Nc3 Ng4 6.Nf3 Nxe3 7.fxe3 Bg4 8.Bxc4 e6
9.O-O Be7 10.d5 Bxf3 11.gxf3  1-0

[Event "Portoroz op"]
[Site "Portoroz"]
[Date "1995.??.??"]
[Round "?"]
[White "Bukic, Enver"]
[Black "Djurkovic, Maks"]
[Result "1-0"]
[WhiteElo "2445"]
[BlackElo "2105"]

1.d4 d5 2.c4 dxc4 3.e4 e5 4.Nf3 exd4 5.Bxc4 Bb4+ 6.Bd2 Bxd2+ 7.Nbxd2 c5 8.Rc1 Nd7
9.O-O Ne7 10.e5 Qb6 11.Ne4 O-O 12.Neg5 Qg6 13.e6 Ne5 14.Nxe5 Qxg5 15.exf7+ Kh8
16.Qe2 b6 17.Rfe1 Bb7 18.f4 Qxf4 19.Nd7 Ng6 20.Nxf8 Rxf8 21.Rf1 Qg5 22.Rce1 Nh4
23.Rf2 h5  1-0

[Event "Salta Clarin op"]
[Site "Salta"]
[Date "1995.??.??"]
[Round "9"]
[White "Sorin, Ariel"]
[Black "Sorokin, Maxim"]
[Result "1/2-1/2"]
[WhiteElo "2500"]
[BlackElo "2550"]

1.d4 d5 2.c4 dxc4 3.e4 e5 4.Nf3 exd4 5.Bxc4 Nc6 6.O-O Be6 7.Bb5 Bc5 8.Qc2 Bb6
9.a4 a5 10.Bxc6+ bxc6 11.Qxc6+ Bd7 12.Qc2 Ne7 13.Ne5 O-O 14.Nd2 Be6 15.Ndc4 Ng6
16.Nxb6 cxb6 17.Nxg6 hxg6 18.Ra3  1/2-1/2

[Event "San Francisco"]
[Site "San Francisco"]
[Date "1995.??.??"]
[Round "3"]
[White "Ashley, Maurice"]
[Black "Waitzkin, Joshua"]
[Result "1/2-1/2"]
[WhiteElo "2460"]
[BlackElo "2435"]

1.d4 d5 2.c4 dxc4 3.e4 Nc6 4.Be3 Nf6 5.Nc3 e5 6.d5 Ne7 7.Bxc4 Ng6 8.f3 a6
9.Qd2 Bd6 10.Nge2 Bd7 11.Rc1 Nh5 12.O-O Nhf4 13.g3 Nh3+ 14.Kg2 O-O 15.Bd3 h6
16.Ng1 Nxg1 17.Rxg1 Ne7 18.Rc2 Qe8 19.Kh1 Rc8 20.Qe2 f5 21.exf5 Nxf5 22.Ne4 Qf7
23.Rf1 Kh8 24.Nc5 Nxe3 25.Qxe3 Bh3 26.Qe4 g6 27.Rff2 b6 28.Ne6 Bxe6 29.dxe6 Qxe6
30.Bxa6 Rcd8 31.Rfe2 Qf5 32.Kg2 Rf6 33.Rcd2 Rdf8 34.Bb7 Qe6 35.Bd5 Qe8 36.Rd3 Qb5
37.b3 Qc5 38.Qc4 Qa3 39.Qh4 Kg7 40.Be4 Qc1 41.Red2  1/2-1/2

[Event "BRA-chT"]
[Site "San Jose do Rio Preto"]
[Date "1995.??.??"]
[Round "6"]
[White "Catropa, Djalma"]
[Black "Lima, Darcy"]
[Result "0-1"]
[WhiteElo "2325"]
[BlackElo "2475"]

1.d4 d5 2.c4 dxc4 3.e4 c5 4.d5 Nf6 5.Nc3 e6 6.Bxc4 exd5 7.exd5 a6 8.a4 Bd6
9.Qe2+ Be7 10.h3 O-O 11.Nf3 Re8 12.O-O Bd6 13.Qc2 h6 14.Bd2 Nbd7 15.Rfe1 Rxe1+
16.Rxe1 Nf8 17.Ne5 Qc7 18.f4 Bd7 19.Nxd7 N8xd7 20.g3 Rb8 21.Qd3 Nb6 22.b3 Qd7
23.Kh2 Bf8 24.a5 Nc8 25.Na4 Qc7 26.Bc3 Nd7 27.Qf3 Nd6 28.f5 Re8 29.Qf4 Rxe1
30.Bxe1 Be7 31.Bc3 Bg5 32.Qf3 Bf6 33.Bxf6 Nxf6 34.Nb6 Qe7 35.Kg2 Qe5 36.g4 Qa1
37.Qf4 Qa2+ 38.Kg1 Nfe4 39.Bd3 Qxa5 40.Nc4 Qa1+ 41.Kg2 Nxc4 42.bxc4 Qb2+
43.Kf1 Nd2+ 44.Kg1 Qd4+ 45.Qxd4 Nf3+ 46.Kf2 Nxd4 47.Ke3 Kf8 48.d6 Ke8 49.Ke4 Kd7
50.Kd5 b6 51.Bb1 f6 52.Bd3  0-1

[Event "San Luis Clarin GP"]
[Site "San Luis"]
[Date "1995.??.??"]
[Round "2"]
[White "Pereyra Arcija, Diego"]
[Black "Scarella, Enrique"]
[Result "1-0"]
[WhiteElo "2290"]
[BlackElo "2380"]

1.d4 d5 2.c4 dxc4 3.e4 Nc6 4.Be3 Nf6 5.f3 e5 6.d5 Nd4 7.Bxd4 exd4 8.Qxd4 c6
9.Nc3 cxd5 10.O-O-O Bb4 11.e5 Bxc3 12.Qxc3 Nd7 13.Rxd5 Qg5+ 14.Qd2 Qxd2+
15.Rxd2 Nb6 16.Ne2 Bd7 17.Nc3 Bc6 18.Be2 O-O 19.Re1 Rad8 20.Rxd8 Rxd8 21.g3 Kf8
22.Rd1 Rxd1+ 23.Kxd1 Nd7 24.f4 b5 25.Kd2 Ke7 26.Ke3 f6 27.Kd4 Ke6 28.Bg4+ f5
29.Be2 Ke7 30.Nd5+ Kd8 31.Ne3 g6 32.e6 Nf6 33.b3 cxb3 34.axb3 a6 35.b4 Ke7
36.Kc5 Be8 37.Kb6 Ne4 38.Nd5+ Kxe6 39.Nc7+ Kd7 40.Nxa6 Nc3 41.Bxb5+ Nxb5
42.Kxb5 Kd6+ 43.Kb6 h6 44.Nc7 Bc6 45.Nb5+ Kd5 46.Nc3+ Kd6 47.Ka7 Bf3 48.Ka6 Bg2
49.Nd1 Kc6 50.Ne3 Be4 51.h4 Bd3+ 52.Ka5 Be2 53.Ka4 Kd6 54.Kb3 Ke6 55.Kc3 Kf6
56.Nd5+ Ke6 57.Kd4 Bf3 58.Ne3 Bb7 59.Kc5 Kf6 60.Kd6 g5 61.b5 gxh4 62.gxh4 Kg6
63.b6 Ba8 64.Ke5 Kh5 65.Nxf5  1-0

[Event "San Martin"]
[Site "San Martin"]
[Date "1995.??.??"]
[Round "6"]
[White "Quinteros, Miguel A"]
[Black "Scarella, Enrique"]
[Result "1-0"]
[WhiteElo "2505"]
[BlackElo "2380"]

1.d4 d5 2.c4 dxc4 3.e4 c5 4.d5 e6 5.Nc3 exd5 6.exd5 Nf6 7.Bxc4 a6 8.a4 Bd6
9.Nf3 O-O 10.O-O Bf5 11.Nh4 Bg4 12.Be2 Bxe2 13.Qxe2 Re8 14.Qf3 Be5 15.Rd1 Bxc3
16.Qxc3 Nxd5 17.Qxc5 Qxh4 18.Qxd5 Nc6 19.Be3 h6 20.Qb3 Qe7 21.Bb6 Qe4 22.h3 Re6
23.f3 Qf5 24.Bf2 Rg6 25.Qd3 Qg5 26.Qf1 Qf5 27.Kh1 Re8 28.Rac1 Rge6 29.Rd2 Qf4
30.Qd1 Qb4 31.b3 Qf4 32.Rc4 Qf5 33.Bg3 Rg6 34.Kh2 Qa5 35.Rd7 Ne5 36.Re4 Rge6
37.Rd5 Qc7 38.Qe2 f6 39.f4 Ng4+ 40.Qxg4 Rxe4 41.Rd7  1-0

[Event "Sao Paulo zt"]
[Site "Sao Paulo"]
[Date "1995.??.??"]
[Round "7"]
[White "Mecking, Henrique"]
[Black "Disconzi da Silva, Rodrigo"]
[Result "0-1"]
[WhiteElo "2575"]
[BlackElo "2370"]

1.d4 d5 2.c4 dxc4 3.e4 Nf6 4.e5 Nd5 5.Bxc4 Nb6 6.Bb3 Bf5 7.Nc3 e6 8.Be3 Nc6
9.Nge2 Qd7 10.O-O O-O-O 11.Bc2 Bxc2 12.Qxc2 f5 13.a3 Rg8 14.b4 g5 15.b5 Ne7
16.f3 Nbd5 17.Bf2 h5 18.a4 Kb8 19.a5 g4 20.f4 h4 21.Nxd5 Nxd5 22.Bxh4 Be7
23.Bxe7 Qxe7 24.a6 c6 25.bxc6 b6 26.Rf2 Rc8 27.Nc3 g3 28.hxg3 Ne3 29.Qd3 Ng4
30.Rfa2 Rxc6 31.Kf1 Rgc8 32.Rc1 Qh7 33.Ke2 Qc7 34.Rac2 Rc4 35.d5 Qc5 36.Kf3 Rxc3
37.Qxc3 Qxd5+ 38.Ke2 Rxc3 39.Rxc3 Qxg2+ 40.Kd1 Qf1+ 41.Kc2 Qxa6 42.Kb2 Nf2  0-1

[Event "Sollentuna op"]
[Site "Sollentuna"]
[Date "1995.??.??"]
[Round "7"]
[White "Adler, Bo"]
[Black "Hartman, Christer"]
[Result "0-1"]
[WhiteElo "2260"]
[BlackElo "2350"]

1.d4 d5 2.c4 dxc4 3.e4 c5 4.d5 Nf6 5.Nc3 e6 6.Nf3 exd5 7.e5 Nfd7 8.Qxd5 Nb6
9.Qxd8+ Kxd8 10.Bg5+ Kc7 11.a4 Be6 12.a5 N6d7 13.Be2 Nc6 14.Nb5+ Kb8 15.O-O a6
16.Nc3 h6 17.Be3 g5 18.Rfd1 g4 19.Nd2 Ndxe5 20.Nde4 Nd4 21.Nxc5 Bxc5 22.Bxd4 Bxd4
23.Rxd4 Ka7 24.Rad1 Rhg8 25.Rd6 Rac8 26.Ne4 Rc6 27.Kf1 Rgc8 28.R6d4 f5 29.Nd6 R8c7
30.Ne8 Re7 31.Rd8 Nf7 32.Nf6 Nxd8 33.Rxd8 c3 34.bxc3 Rxc3 35.Nh5 Bc4  0-1

[Event "Chigorin mem"]
[Site "St Petersburg"]
[Date "1995.??.??"]
[Round "3"]
[White "Tregubov, Pavel V"]
[Black "Nikitin, Andrey"]
[Result "1-0"]
[WhiteElo "2490"]
[BlackElo "2290"]

1.d4 d5 2.c4 dxc4 3.e4 Nf6 4.e5 Nd5 5.Bxc4 Nb6 6.Bd3 Nc6 7.Be3 Nb4 8.Be4 f5
9.exf6 exf6 10.a3 f5 11.axb4 Bxb4+ 12.Nc3 fxe4 13.Qh5+ Kf8 14.Ne2 Qe8 15.Qh4 Kg8
16.O-O Bf5 17.Ng3 Bg6 18.Ngxe4 h6 19.d5 Bxe4 20.Nxe4 Nxd5 21.Bc5 Bxc5 22.Nxc5 b6
23.Qd4 Qf7 24.Nd3 c5 25.Qe4 Re8 26.Ne5 Qe6 27.Rae1 h5 28.Qb1 Nf4 29.Nd3 Ne2+
30.Rxe2 Qxe2 31.Re1 Qxe1+ 32.Nxe1 Rh6 33.Nf3 Rhe6 34.h4 R8e7 35.Kh2 g6 36.Ng5 Rd6
37.Qc2 Kg7 38.Qc3+ Kg8 39.f4 a5 40.Qf3 Rf6 41.Qb3+ Kg7 42.Qc3 Rd7 43.Qe5  1-0

[Event "Chigorin mem"]
[Site "St Petersburg"]
[Date "1995.??.??"]
[Round "8"]
[White "Biriukov, Oleg V"]
[Black "Najer, Evgeniy"]
[Result "1-0"]
[WhiteElo "2255"]
[BlackElo "2455"]

1.d4 d5 2.c4 dxc4 3.e4 Nf6 4.e5 Nd5 5.Bxc4 Nb6 6.Bb3 Bf5 7.Nc3 Nc6 8.Nge2 e6
9.a3 Be7 10.O-O O-O 11.Ba2 Qd7 12.b4 a5 13.b5 Na7 14.a4 c6 15.Ng3 Bg6 16.Be3 cxb5
17.d5 Nxa4 18.Nxa4 bxa4 19.f4 Kh8 20.Qg4 Nb5 21.dxe6 Qd3 22.Rfe1 h5 23.Nxh5 Qf5
24.Qxf5 Bxf5 25.exf7 Bg6 26.g4 Bxf7 27.Bxf7 Rxf7 28.Rxa4 Bb4 29.Rb1 Nc3 30.Rbxb4 Nxa4
31.Rxa4 b5 32.Re4 a4 33.e6 Rc7 34.Bd4 Kg8 35.f5 a3 36.g5 Rc4 37.e7 Re8 38.f6 Rxd4
39.Rxd4 a2 40.Rd1  1-0

[Event "St Petersburg op"]
[Site "St Petersburg"]
[Date "1995.??.??"]
[Round "8"]
[White "Notkin, Maksim"]
[Black "Sherbakov, Ruslan"]
[Result "0-1"]
[WhiteElo "2485"]
[BlackElo "2520"]

1.d4 d5 2.c4 dxc4 3.e4 e5 4.Nf3 exd4 5.Bxc4 Nc6 6.O-O Be6 7.Bxe6 fxe6 8.Qb3 Qd7
9.Qxb7 Rb8 10.Qa6 Nf6 11.e5 Ng4 12.Qe2 d3 13.Qd1 Bc5 14.h3 Nxf2 15.Rxf2 Bxf2+
16.Kxf2 O-O 17.Qe1 Nd4 18.Qc3 Nxf3 19.gxf3 Qd5 20.f4 Qh1 21.Qc4 Qh2+ 22.Kf3 Qxh3+
23.Kf2 Qh2+ 24.Kf3 Qh3+ 25.Kf2 Qh2+ 26.Kf3 Qh1+ 27.Kf2 Rb6 28.Nd2 Qh2+ 29.Kf3 g5
30.Nb3 Qe2+ 31.Kg3 gxf4+ 32.Bxf4 Kh8 33.Kh3 Qh5+  0-1

[Event "Stockholm"]
[Site "Stockholm"]
[Date "1995.??.??"]
[Round "1"]
[White "Engqvist, Thomas"]
[Black "Degerman, Lars"]
[Result "1/2-1/2"]
[WhiteElo "2405"]
[BlackElo "2485"]

1.d4 d5 2.c4 dxc4 3.e4 Nf6 4.e5 Nd5 5.Bxc4 Nb6 6.Bb3 Nc6 7.Ne2 Bf5 8.Be3 e6
9.Nbc3 Qd7 10.O-O O-O-O 11.a4 Bb4 12.Na2 Be7 13.Nac3 Bb4 14.Na2 Ba5 15.Bg5 Rdf8
16.Bd2 Rd8 17.Bc3 Qe7 18.Qe1 Bxc3 19.Qxc3 Nd5 20.Qg3 Ndb4 21.Nxb4 Qxb4 22.Qc3 a5
23.Qxb4 axb4 24.Rfd1 Na5 25.Ba2 Bc2 26.Rd2 Bb3 27.Rd3 Bxa2 28.Rxa2 Rd7 29.Ra1 Rhd8
30.Rf3 Nc6 31.h4 Re7 32.Rf4 Rd5 33.Rc1 Red7 34.Rc4 Kd8 35.f3 Ke7 36.Kf2 f6
37.Rg4 Kf7 38.exf6 gxf6 39.Re4 f5 40.Rf4 Ne7 41.h5 Ra5 42.b3 Kf6  1/2-1/2

[Event "Stockholm"]
[Site "Stockholm"]
[Date "1995.??.??"]
[Round "3"]
[White "Agrest, Evgenij"]
[Black "Degerman, Lars"]
[Result "0-1"]
[WhiteElo "2475"]
[BlackElo "2485"]

1.d4 d5 2.c4 dxc4 3.e4 Nc6 4.Be3 Nf6 5.Nc3 Ng4 6.Bxc4 e5 7.Qf3 Qd7 8.d5 Nxe3
9.fxe3 Na5 10.Bd3 Bd6 11.Rb1 Qe7 12.a3 Nb3 13.Bb5+ Bd7 14.Bxd7+ Qxd7 15.Qd1 Na5
16.Qe2 Nb3 17.Qd1 Na5 18.Nf3 Nc4 19.Qd3 Nb6 20.O-O O-O 21.Rbc1 a5 22.Rc2 a4
23.Rcf2 Qe7 24.g3 Nd7 25.Nh4 g6 26.Qe2 Qg5 27.Kh1 Nc5 28.Nf3 Qg4 29.Qc2 b5
30.Kg2 f6 31.h3 Qd7 32.Na2 Kg7 33.Nb4 Rab8 34.Nh2 h5 35.Nf3 Rb6 36.Kh2 Nb7
37.Na2 c5 38.dxc6 Rxc6 39.Qd2 Qe6 40.Nb4 Bxb4 41.Qxb4 Nd6 42.Rd1 Rfc8 43.Rd3 Rc2
44.Rfd2 Rxd2+ 45.Nxd2 Rc6 46.Kg2 Nf7 47.Qxb5 Ng5 48.Qb7+ Kh6 49.Qd7 Qxd7
50.Rxd7 Rc2 51.Kf1 Nxh3 52.Ke1 Rxb2 53.Ra7 Nf2 54.Rxa4 Nd3+ 55.Kd1 Ra2 56.Ra6 Nc5
57.Rc6 Na4 58.Nf3 Rxa3 59.Rxf6 Nc3+ 60.Kc2 Nxe4 61.Re6 Ng5 62.Nxg5 Kxg5 63.Rxe5+ Kg4
64.Re6 g5 65.Re5 Ra7 66.Kd3 Rg7 67.Ke2 Kxg3 68.Rf5 h4 69.Rf3+ Kh2 70.Rf2+ Kh3
71.Rf3+ Kg4 72.Rf8 h3 73.Kf2 Ra7 74.Kg1 Kg3 75.Rf1 g4 76.e4 Re7 77.Re1 Re5
78.Kh1 Kf4 79.Kh2 Rxe4 80.Rf1+ Kg5 81.Rf8 Re2+ 82.Kh1 g3 83.Rg8+ Kf4 84.Rf8+ Ke3
85.Re8+ Kd2 86.Rd8+ Ke1 87.Rh8 Kf1 88.Rg8 g2+  0-1

[Event "SVK-chT"]
[Site "?"]
[Date "1995.??.??"]
[Round "?"]
[White "Horvath, Mario"]
[Black "Dudas, Jan"]
[Result "1/2-1/2"]
[WhiteElo "2270"]
[BlackElo "2315"]

1.d4 d5 2.c4 dxc4 3.e4 c5 4.d5 b5 5.a4 Nf6 6.f3 b4 7.Bxc4 g6 8.Be3 Nbd7 9.Nd2 Bg7
10.Ne2 O-O 11.O-O Ne5 12.Qc2 Nfd7 13.Kh1 Nxc4 14.Nxc4 Ba6 15.Rab1 Rc8 16.Rfc1 Nb6
17.Nxb6 axb6 18.b3 Qd7 19.Nf4 Qd6 20.Qd1 Be5 21.g3 Rc7 22.Nd3 Bxd3 23.Qxd3 e6
24.Rd1 Rd8 25.Qc4 Rcd7 26.Qc2 exd5 27.Rxd5 Qe6 28.Rxd7 Qxd7 29.Kg2 h5 30.Qe2 h4
31.g4 Qd3 32.Qxd3 Rxd3 33.Bg5 h3+ 34.Kxh3 Rxf3+ 35.Kg2 Rc3 36.h4 Rg3+ 37.Kf2 Rxg4
38.Rd1 Bd4+ 39.Kf3 Rg1 40.Rxg1 Bxg1 41.Bd8 Kf8 42.Ke2 Bd4 43.Bxb6 Ke7 44.Kd3 Kd6
45.Kc4 Kc6 46.Bd8 Bf2 47.a5 Be3 48.Be7 Bd4 49.a6 Bf2 50.a7 Kb7 51.Bxc5 Bxh4
52.Kxb4 Bg3 53.Bg1 f5 54.exf5 gxf5  1/2-1/2

[Event "BCF-ch"]
[Site "Swansea"]
[Date "1995.??.??"]
[Round "6"]
[White "Ward, Christopher"]
[Black "Sadler, Matthew"]
[Result "1-0"]
[WhiteElo "2500"]
[BlackElo "2575"]

1.d4 d5 2.c4 dxc4 3.e4 Nc6 4.Nf3 Bg4 5.Bxc4 e6 6.d5 exd5 7.Bxd5 Qd7 8.Qb3 O-O-O
9.O-O Bxf3 10.Qxf3 Nf6 11.Bxc6 Qxc6 12.Bg5 Re8 13.Nc3 Bb4 14.Rac1 Nxe4 15.Nxe4 Qxe4
16.Qxf7 Bd6 17.Rc4 Qe2 18.Bf4 Bxf4 19.Qxf4 Re7 20.Qf5+ Kb8 21.Rc2 Qe6 22.Qxe6 Rxe6
23.Rd1 Rhe8 24.f4 c6 25.Rd7 R6e7 26.Rxe7 Rxe7 27.Kf2 Kc7 28.g4 b5 29.f5 Re4
30.Kf3 Rd4 31.g5 a5 32.Ke3 Rh4 33.Rd2 Rh3+ 34.Ke4 Rh4+ 35.Ke3 Rh3+ 36.Kf4 Rh4+
37.Kg3 Re4 38.f6 gxf6 39.gxf6 Re6 40.Rf2 Re8 41.Kg4 Kd7 42.Rd2+ Ke6 43.Re2+ Kf7
44.Rxe8 Kxe8 45.Kf5 a4 46.Ke6 c5 47.Kd5 c4 48.a3  1-0

[Event "SWZ-chT"]
[Site "SWZ"]
[Date "1995.??.??"]
[Round "4"]
[White "Von Allmen, Alain"]
[Black "Erismann, Peter"]
[Result "1/2-1/2"]
[WhiteElo "2205"]
[BlackElo "2235"]

1.d4 d5 2.c4 dxc4 3.e4 e5 4.Nf3 exd4 5.Qxd4 Qxd4 6.Nxd4 Nf6 7.f3 Bc5 8.Nb5 Na6
9.Bxc4 c6 10.N5c3 Nc7 11.Nd2 Be6 12.Bxe6 Nxe6 13.Nb3 O-O-O 14.Ke2 Nd4+ 15.Nxd4 Bxd4
16.Be3 Rd7 17.Bxd4 Rxd4 18.Rhd1 Rhd8 19.Rxd4 Rxd4 20.Rd1 Rxd1 21.Nxd1 Kc7
22.Ke3 Kd6 23.Kd4 c5+ 24.Kd3 b5 25.Ne3 g6 26.f4 Nd7 27.g4 f6 28.h4 Nf8 29.Nd5 f5
30.g5 c4+ 31.Ke3 fxe4 32.Nf6 Ke6 33.Kxe4 h6 34.Nd5 hxg5 35.fxg5 Kd6 36.Nf4 a6
37.h5 gxh5 38.g6 Nxg6 39.Nxg6 Kc5 40.Nf4 h4 41.a3 a5 42.Ne6+ Kd6 43.Ng5 Kc5
44.Ne6+  1/2-1/2

[Event "Tivat op"]
[Site "Tivat"]
[Date "1995.??.??"]
[Round "2"]
[White "Timoshenko, Georgy"]
[Black "Lekic, Dusan"]
[Result "0-1"]
[WhiteElo "2555"]
[BlackElo "2370"]

1.d4 d5 2.c4 dxc4 3.e4 Nf6 4.Nc3 e5 5.Nf3 exd4 6.Qxd4 Bd6 7.Bxc4 O-O 8.Bg5 Nc6
9.Qe3 h6 10.Bh4 Ne5 11.Nxe5 Bxe5 12.Qe2 c6 13.O-O Qa5 14.Rac1 Re8 15.Bd3 Be6
16.f4 Bd4+ 17.Kh1 Bg4 18.Qc2 Qh5 19.Bg3 Rad8 20.e5 Bxc3 21.bxc3 Rxd3 22.Qxd3 Be2
23.Qd4 Bxf1 24.Rxf1 Nd5 25.c4 Nb6 26.Qd3 Qg4 27.Rb1 Qc8 28.h3 Rd8 29.Qe4 Na4
30.Qc2 Nc5 31.Bh4 Rd3 32.Bf2 Qf5 33.Kg1 Ne6 34.Rxb7 Nxf4 35.Rb8+ Kh7 36.Rb2 Qg6
37.Bxa7 Nxg2 38.Qxg2 Rg3 39.Kh2 Rxg2+ 40.Rxg2 Qe4 41.Bb8 Qxc4 42.Bd6 c5 43.a3 Qd4
44.Rg4 Qb2+ 45.Rg2 Qc1 46.a4 Qf4+ 47.Rg3 Qxa4 48.e6 fxe6 49.Be5 g5 50.Bc3 Qc2+
51.Kg1 c4 52.Re3 Qf5 53.Kg2 Kg6 54.Kg3 Qf4+  0-1

[Event "AUT-ch"]
[Site "Voitsberg"]
[Date "1995.??.??"]
[Round "6"]
[White "Schroll, Gerhard"]
[Black "Zoebisch, Herbert"]
[Result "1/2-1/2"]
[WhiteElo "2380"]
[BlackElo "2290"]

1.d4 d5 2.c4 dxc4 3.e4 c5 4.Nf3 cxd4 5.Qxd4 Qxd4 6.Nxd4 Bd7 7.Bxc4 Nc6 8.Be3 e6
9.Nxc6 Bxc6 10.Nd2 Nf6 11.f3 Nd7 12.Rc1 Be7 13.Be2 O-O 14.Nb3 e5 15.Na5 Bb4+
16.Bd2 Bxa5 17.Bxa5 Rac8 18.Kf2 Rfe8 19.Bd2 Nf8 20.Be3 a6 21.Bc4 b5 22.Bb3 Bb7
23.Rhd1 Rxc1 24.Rxc1 Rc8 25.Rd1 Bc6 26.Bd2 Nd7 27.Bb4 Nb6 28.Bc3 Nc4 29.Bxc4 bxc4
30.Bxe5 f6 31.Bc3 Kf7 32.Ke3 Ke8 33.Rd6 Bb5 34.Bb4 Rc7 35.Rb6 Rd7 36.Bd6 Rd8
37.Kd4 Rc8 38.Kd5 c3 39.bxc3 Rxc3 40.f4 Rd3+ 41.Kc5 Rc3+ 42.Kb4 Rc4+ 43.Kb3 Rxe4
44.f5 g6 45.Bc5 Bc4+ 46.Ka3 gxf5 47.Rxf6 Re2 48.Rxf5 Rxg2  1/2-1/2

[Event "Werfen op"]
[Site "Werfen"]
[Date "1995.??.??"]
[Round "7"]
[White "Hertneck, Gerald"]
[Black "Raetsky, Alexander"]
[Result "1/2-1/2"]
[WhiteElo "2570"]
[BlackElo "2505"]

1.d4 d5 2.c4 dxc4 3.e4 Nf6 4.e5 Nd5 5.Bxc4 Nb6 6.Bb3 Nc6 7.Ne2 Bf5 8.Nbc3 e6
9.O-O Be7 10.a3 Qd7 11.Be3 O-O 12.Qc1 Na5 13.Ba2 Nac4 14.Rd1 Nxe3 15.Qxe3 c6
16.Rac1  1/2-1/2

[Event "Sonnevanck-B"]
[Site "Wijk aan Zee"]
[Date "1995.??.??"]
[Round "4"]
[White "Michaelsen, Nils"]
[Black "Jonkman, Harmen"]
[Result "1-0"]
[WhiteElo "2430"]
[BlackElo "2290"]

1.d4 d5 2.c4 dxc4 3.e4 Nf6 4.e5 Nd5 5.Bxc4 Nb6 6.Bb3 Nc6 7.Ne2 Bf5 8.Nbc3 e6
9.a3 Qd7 10.O-O Rd8 11.Be3 Be7 12.Qc1 Bd3 13.Rd1 Bxe2 14.Nxe2 O-O 15.f4 f5
16.Nc3 Na5 17.Ba2 Nd5 18.Nxd5 exd5 19.Qc3 Nc6 20.Rac1 Rb8 21.b4 Bd8 22.Qc5 Ne7
23.Qxa7 Qc8 24.Qc5 Qd7 25.b5 Ra8 26.Bb3 c6 27.bxc6 bxc6 28.Bd2 Ra6 29.Qd6 Qxd6
30.exd6 Ng6 31.Rxc6 Rxc6 32.Bxd5+ Rf7 33.Bxc6 Rf6 34.Bd5+ Kf8 35.g3 Bb6 36.Bb4 Ke8
37.Bc5  1-0

[Event "Zalakaros op"]
[Site "Zalakaros"]
[Date "1995.??.??"]
[Round "8"]
[White "Pesztericz, Laszlo"]
[Black "Almasi, Istvan"]
[Result "0-1"]
[WhiteElo "2125"]
[BlackElo "2375"]

1.d4 d5 2.c4 dxc4 3.e4 b5 4.a4 c6 5.b3 Nf6 6.e5 Nd5 7.axb5 cxb5 8.bxc4 bxc4
9.Bxc4 e6 10.Nf3 Be7 11.O-O O-O 12.Ba3 Bb7 13.Nbd2 Nd7 14.Bxe7 Qxe7 15.Ba6 Bc6
16.Qe2 N7b6 17.Rfc1 Nb4 18.Ne4 Bxe4 19.Qxe4 Nxa6 20.Rxa6 Rfc8 21.Qb1 h6 22.h3 Qb7
23.Ra1 Rxc1+ 24.Qxc1 a5 25.Qc5 a4 26.Nd2 Nd5 27.Nc4 Nf4 28.f3 Qb3 29.Qc6 Ra7
30.Qb6 Qc3 31.Qxa7 Qxa1+ 32.Kh2 Kh7 33.Qxf7 Qxd4 34.Nd6 Qxe5 35.Ne4 Ne2+
36.g3 Qf5 37.Qa7 Qxf3 38.Qxa4 Nxg3 39.Nxg3 Qf2+ 40.Kh1 Qxg3 41.Qe4+ Qg6 42.Qe5 Qf5
43.Qe3 e5 44.Qc3 Qf1+ 45.Kh2 Qf2+ 46.Kh1 e4 47.Qc6 Qf3+ 48.Kh2 Qd3 49.Qe6 e3
50.Qf7 Qc2+ 51.Kh1 Qe4+  0-1

[Event "Ano Liosia op"]
[Site "Ano Liosia"]
[Date "1996.??.??"]
[Round "3"]
[White "Kalesis, Nikolaos"]
[Black "Nenashev, Alexander"]
[Result "1/2-1/2"]
[WhiteElo "2355"]
[BlackElo "2595"]

1.d4 d5 2.c4 dxc4 3.e4 e5 4.Nf3 exd4 5.Bxc4 Nc6 6.O-O Nf6 7.e5 Ne4 8.Bb5 Bd7
9.Bxc6 Bxc6 10.Nxd4 Bc5 11.Be3 Bxd4 12.Qxd4 Qxd4 13.Bxd4 O-O-O 14.Be3 Rhe8
15.f3 Rd3 16.fxe4 Rxe3 17.Nc3 Re7 18.Rad1 Bxe4 19.Kf2 Rxc3 20.bxc3 Rxe5 21.g4 Bd5
22.Rfe1 Rxe1 23.Rxe1 Bxa2 24.Ra1 Be6 25.Rxa7 Bxg4 26.Ra8+ Kd7 27.Rg8 g6  1/2-1/2

[Event "RUS-ch sf"]
[Site "Arkhangelsk"]
[Date "1996.??.??"]
[Round "?"]
[White "Bratchenko, Alexander"]
[Black "Dokuchaev, Aleksander"]
[Result "0-1"]
[WhiteElo "2405"]
[BlackElo "2415"]

1.d4 d5 2.c4 dxc4 3.e4 Nc6 4.Be3 Nf6 5.Nc3 e5 6.d5 Na5 7.Nf3 c6 8.Nxe5 Bb4
9.dxc6 Qxd1+ 10.Kxd1 Bxc3 11.bxc3 Nxe4 12.Nxc4 Nxc6 13.Kc2 Bf5 14.Kb2 O-O-O
15.Be2 b5 16.Na3 Nxf2 17.Bxb5 Nxh1 18.Bxc6 Nf2 19.Bxa7 Nd3+ 20.Kb3 Ne5 21.Bb5 Be6+
22.Kc2 Kb7 23.Bd4 Nc6 24.Bg1 Bf5+ 25.Kb3 Rd2 26.Nc4 Be6 27.a4 Na5+ 28.Kb4 Bxc4  0-1

[Event "AUT-chT9596"]
[Site "?"]
[Date "1996.??.??"]
[Round "?"]
[White "Herndl, Harald"]
[Black "Niedermayr, Horst"]
[Result "1-0"]
[WhiteElo "2335"]
[BlackElo "2230"]

1.d4 d5 2.c4 dxc4 3.e4 Nf6 4.e5 Nd5 5.Bxc4 Nb6 6.Bb3 Nc6 7.Nf3 Bf5 8.d5 Na5
9.Nc3 Nxb3 10.Qxb3 Bd3 11.e6 fxe6 12.Ne5 Ba6 13.dxe6 Qd4 14.Nf7 Qg4 15.Be3 Bc4
16.Qc2 Qxe6 17.Nxh8 O-O-O 18.Rd1 Rxd1+ 19.Kxd1 g6 20.Bxb6 axb6 21.Qa4 Qd6+
22.Kc1 Bh6+ 23.Kb1 Qd3+ 24.Ka1 c6 25.Rd1  1-0

[Event "Balatonbereny op"]
[Site "Balatonbereny"]
[Date "1996.??.??"]
[Round "6"]
[White "Gladyszev, Oleg"]
[Black "Szonyi, Kata"]
[Result "1-0"]
[WhiteElo "2325"]
[BlackElo "2160"]

1.d4 d5 2.c4 dxc4 3.e4 c5 4.d5 Nf6 5.Nc3 e6 6.Bxc4 exd5 7.exd5 a6 8.a4 Bd6
9.Nge2 O-O 10.O-O Bf5 11.Ng3 Bg4 12.f3 Bc8 13.Bg5 h6 14.Bxf6 Qxf6 15.Nce4 Qd8
16.Nxd6 Qxd6 17.Ne4 Qb6 18.Qd2 Nd7 19.Rac1 f5 20.d6+ Kh8 21.a5 Qd8 22.Ng3 b6
23.Be6 Ne5 24.Bxc8 Rxc8 25.Qd5 Nd7 26.Nxf5 bxa5 27.Ne7 Nb6 28.Ng6+ Kh7 29.Nxf8+ Qxf8
30.Qe4+  1-0

[Event "Balatonbereny op"]
[Site "Balatonbereny"]
[Date "1996.??.??"]
[Round "8"]
[White "Gladyszev, Oleg"]
[Black "Almasi, Istvan"]
[Result "0-1"]
[WhiteElo "2325"]
[BlackElo "2405"]

1.d4 d5 2.c4 dxc4 3.e4 b5 4.a4 c6 5.b3 Nf6 6.e5 Nd5 7.axb5 cxb5 8.bxc4 bxc4
9.Bxc4 e6 10.Nf3 Be7 11.O-O O-O 12.Qb3 Nb6 13.Bd3 Bb7 14.Rd1 Nc6 15.Ba3 Kh8
16.Bc5 Bxc5 17.dxc5 Nd4 18.Nxd4 Qxd4 19.Bxh7 Qxa1 20.Qh3 Rfd8 21.Bd3+ Kg8
22.Qh7+ Kf8 23.Qh8+ Ke7 24.Qxg7 Rxd3 25.Qg5+ Kf8 26.Qh6+ Ke8 27.Qh8+ Kd7
28.Rxd3+ Nd5 29.Qh5 Qxb1+ 30.Rd1 Qf5 31.Qe2 Bc6 32.h3 Rb8 33.Kh2 Rb1 34.Rd4 Ke7
35.g4 Nf4  0-1